LEADER 00978nam a2200325 i 4500 001 991001056919707536 005 20020507105833.0 008 970308s1976 uk ||| | eng 020 $a0122181506 035 $ab10167432-39ule_inst 035 $aLE00641401$9ExL 040 $aDip.to Fisica$bita 084 $a53.0.64 084 $a53.2.4 084 $a53.2.6 084 $a535 084 $aQC355.2 100 1 $aDitchburn, Robert W.$0462689 245 10$aLight /$cR.W. Ditchburn 250 $a3rd ed. 260 $aLondon :$bAcademic Press, Inc.,$c1976 300 $axxv, 775 p. :$bill. ;$c24 cm. 500 $aIncludes bibliography and index. 650 4$aLight 907 $a.b10167432$b21-09-06$c27-06-02 912 $a991001056919707536 945 $aLE006 53.2.4 DIT$g1$i2006000008051$lle006$o-$pE0.00$q-$rl$s- $t0$u1$v0$w1$x0$y.i10204362$z27-06-02 996 $aLight$9188249 997 $aUNISALENTO 998 $ale006$b01-01-97$cm$da $e-$feng$guk $h0$i1 LEADER 00826nam0 22002051i 450 001 UON00189158 005 20231205103206.904 100 $a20030730d1942 |0itac50 ba 101 $aita 102 $aIT 105 $a|||| ||||| 200 1 $a Economia e politica agraria$eSunti raccolti alle lezioni nella Facoltà Agraria di Portici per gli studenti$fAlessandro Brizi 210 $aBari$cMacrì$d1942. 378 p. ; 26 cm. 700 1$aBRIZI$bAlessandro$3UONV110555$068229 801 $aIT$bSOL$c20240220$gRICA 899 $aSIBA - SISTEMA BIBLIOTECARIO DI ATENEO$2UONSI 912 $aUON00189158 950 $aSIBA - SISTEMA BIBLIOTECARIO DI ATENEO$dSI V ECON H 0078 $eSI MR 14218 5 0078 996 $aEconomia e politica agraria$934696 997 $aUNIOR LEADER 02835oas 2201081 a 450 001 9910144407003321 005 20251021213012.0 011 $a2327-7467 035 $a(DE-599)ZDB2480778-3 035 $a(OCoLC)299097524 035 $a(CONSER) 2009235058 035 $a(CKB)954927578029 035 $a(EXLCZ)99954927578029 100 $a20090122b19601989 uy a 101 0 $aeng 135 $aur||||||||||| 181 $ctxt$2rdacontent 182 $cc$2rdamedia 183 $acr$2rdacarrier 200 10$aJournal /$fWater Pollution Control Federation 210 $aWashington, D.C. $cWater Pollution Control Federation$d1960-1989 300 $aPlace of publication varies. 311 08$a0043-1303 517 1 $aJournal WPCF 606 $aSewerage$vPeriodicals 606 $aSewage$vPeriodicals 606 $aWater$xPollution$vPeriodicals 606 $aSanitary engineering 606 $aSanitary Engineering 606 $aSewage 606 $aWater Pollution 606 $aEau$xPollution$vPe?riodiques 606 $aEaux use?es$vPe?riodiques 606 $aE?gouts$vPe?riodiques 606 $aTechnique sanitaire 606 $aEaux use?es 606 $asanitary engineering$2aat 606 $aWater$xPollution$2fast$3(OCoLC)fst01171279 606 $aSanitary engineering$2fast$3(OCoLC)fst01105008 606 $aSewage$2fast$3(OCoLC)fst01113736 606 $aSewerage$2fast$3(OCoLC)fst01114083 608 $aPeriodical. 608 $aperiodicals.$2aat 608 $aPeriodicals.$2fast 608 $aPeriodicals.$2lcgft 608 $aPeriodicals.$2rbgenr 608 $aPe?riodiques.$2rvmgf 615 0$aSewerage 615 0$aSewage 615 0$aWater$xPollution 615 0$aSanitary engineering. 615 2$aSanitary Engineering. 615 2$aSewage. 615 2$aWater Pollution. 615 6$aEau$xPollution 615 6$aEaux use?es 615 6$aE?gouts 615 6$aTechnique sanitaire. 615 6$aEaux use?es. 615 7$asanitary engineering. 615 7$aWater$xPollution. 615 7$aSanitary engineering. 615 7$aSewage. 615 7$aSewerage. 676 $a628.205 712 02$aWater Pollution Control Federation 801 0$bEYM 801 1$bEYM 801 2$bHUL 801 2$bGWDNB 801 2$bOCLCQ 801 2$bGBVCP 801 2$bOCLCQ 801 2$bDLC 801 2$bOCLCF 801 2$bOCLCQ 801 2$bDLC 801 2$bOCLCQ 801 2$bAU@ 801 2$bAUD 801 2$bBWN 801 2$bMM9 801 2$bOCLCE 801 2$bOCLCO 801 2$bOCLCQ 801 2$bOCL 801 2$bU3W 801 2$bOCLCQ 801 2$bOCLCL 906 $aJOURNAL 912 $a9910144407003321 996 $aJournal$91325748 997 $aUNINA